Mama the alien / (Record no. 16124)

MARC details
000 -LEADER
fixed length control field 01690cam a22004218i 4500
001 - CONTROL NUMBER
control field 18811106
003 - CONTROL NUMBER IDENTIFIER
control field DLC
005 - DATE AND TIME OF LATEST TRANSACTION
control field 20240801095513.0
008 - FIXED-LENGTH DATA ELEMENTS--GENERAL INFORMATION
fixed length control field 151007s2016 nyu b 000 1 eng
010 ## - LIBRARY OF CONGRESS CONTROL NUMBER
LC control number 2015024643
020 ## - INTERNATIONAL STANDARD BOOK NUMBER
International Standard Book Number 9780892392988 (hardcover : alk. paper)
035 ## - SYSTEM CONTROL NUMBER
System control number (DLC)18811106
035 ## - SYSTEM CONTROL NUMBER
System control number (DLC)2015024643
040 ## - CATALOGING SOURCE
Original cataloging agency DLC
Language of cataloging eng
Transcribing agency DLC
Description conventions rda
041 ## - LANGUAGE CODE
Language code of text/sound track or separate title eng
-- spa
042 ## - AUTHENTICATION CODE
Authentication code lcac
-- pcc
050 00 - LIBRARY OF CONGRESS CALL NUMBER
Classification number PZ73
Item number .C5735 2016
082 00 - DEWEY DECIMAL CLASSIFICATION NUMBER
Classification number [E]
Edition number 23
100 1# - MAIN ENTRY--PERSONAL NAME
Personal name Colato Lainez, Rene
245 10 - TITLE STATEMENT
Title Mama the alien /
Statement of responsibility, etc. story, Rene Colato Lainez ; illustrations, Laura Lacamara ; Spanish translation by Rene Colato Lainez = Mama la extraterrestre / cuento, Rene Colato Lainez ; ilustraciones, Laura Lacamara.
246 31 - VARYING FORM OF TITLE
Title proper/short title Mama la extraterrestre
250 ## - EDITION STATEMENT
Edition statement First edition.
260 ## - PUBLICATION, DISTRIBUTION, ETC. (IMPRINT)
Place of publication, distribution, etc. New York :
Name of publisher, distributor, etc. Children's Book Press, an imprint of Lee & Low Books Inc.,
Date of publication, distribution, etc. [2016]
263 ## - PROJECTED PUBLICATION DATE
Projected publication date 1111
264 #1 - PRODUCTION, PUBLICATION, DISTRIBUTION, MANUFACTURE, AND COPYRIGHT NOTICE
Place of production, publication, distribution, manufacture New York :
Name of producer, publisher, distributor, manufacturer Children's Book Press, an imprint of Lee & Low Books Inc.,
Date of production, publication, distribution, manufacture, or copyright notice [2016]
300 ## - PHYSICAL DESCRIPTION
Extent 1 volume (unpaged)
Dimensions 28 cm.
336 ## - CONTENT TYPE
Content type term text
Source rdacontent
336 ## - CONTENT TYPE
Content type term still image
Source rdacontent
337 ## - MEDIA TYPE
Media type term unmediated
Source rdamedia
338 ## - CARRIER TYPE
Carrier type term volume
Source rdacarrier
520 ## - SUMMARY, ETC.
Summary, etc. "A young girl misunderstands the word alien on her mother's Resident Alien Card and let's her imagination run wild, coming to the conclusion that her mother is from outer space. Includes author's note and glossary"--
Assigning source Provided by publisher.
650 #1 - SUBJECT ADDED ENTRY--TOPICAL TERM
Topical term or geographic name as entry element Immigrants
Form subdivision Fiction.
650 #1 - SUBJECT ADDED ENTRY--TOPICAL TERM
Topical term or geographic name as entry element Citizenship
Form subdivision Fiction.
650 #1 - SUBJECT ADDED ENTRY--TOPICAL TERM
Topical term or geographic name as entry element Hispanic Americans
Form subdivision Fiction.
650 #1 - SUBJECT ADDED ENTRY--TOPICAL TERM
Topical term or geographic name as entry element Spanish language materials
General subdivision Bilingual.
700 1# - ADDED ENTRY--PERSONAL NAME
Personal name Lacamara, Laura,
Relator term illustrator.
942 ## - ADDED ENTRY ELEMENTS (KOHA)
Koha item type Libro/Book
Holdings
Withdrawn status Lost status Source of classification or shelving scheme Damaged status Not for loan Home library Current library Date acquired Total Checkouts Full call number Barcode Checked out Date last seen Date checked out Price effective from Koha item type
    Dewey Decimal Classification     Genizero -- Satellite Genizero 27/03/2017 1 [E] 35600778 05/05/2026 31/03/2026 31/03/2026 27/03/2017 Libro/Book

Powered by Koha